Une nouvelle thérapie pour la politique ? (notice n° 1868644)

détails MARC
000 -LEADER
fixed length control field 01185cam a2200253 4500500
005 - DATE AND TIME OF LATEST TRANSACTION
control field 20260329012159.0
041 ## - LANGUAGE CODE
Language code of text/sound track or separate title fre
042 ## - AUTHENTICATION CODE
Authentication code dc
100 10 - MAIN ENTRY--PERSONAL NAME
Personal name Samuels, Andrew
Relator term author
245 00 - TITLE STATEMENT
Title Une nouvelle thérapie pour la politique ?
260 ## - PUBLICATION, DISTRIBUTION, ETC.
Date of publication, distribution, etc. 2026.<br/>
500 ## - GENERAL NOTE
General note 41
520 ## - SUMMARY, ETC.
Summary, etc. Dans son intervention, Andrew Samuels aborde quatre thèmes politiques distincts : (1) Le leadership et sa conception du leader « suffisamment bon » (2) Les inégalités économiques et les limites psychologiques de la justice et de l'équité (3) La politique cachée de la promiscuité (4) Une brève section sur la philosophie sociale islamique en relation avec les conflits mondiaux et autres conflits.
690 ## - LOCAL SUBJECT ADDED ENTRY--TOPICAL TERM (OCLC, RLIN)
Topical term or geographic name as entry element conflits mondiaux
690 ## - LOCAL SUBJECT ADDED ENTRY--TOPICAL TERM (OCLC, RLIN)
Topical term or geographic name as entry element inégalités économiques
690 ## - LOCAL SUBJECT ADDED ENTRY--TOPICAL TERM (OCLC, RLIN)
Topical term or geographic name as entry element islamique
690 ## - LOCAL SUBJECT ADDED ENTRY--TOPICAL TERM (OCLC, RLIN)
Topical term or geographic name as entry element Leadership
690 ## - LOCAL SUBJECT ADDED ENTRY--TOPICAL TERM (OCLC, RLIN)
Topical term or geographic name as entry element philosophie
690 ## - LOCAL SUBJECT ADDED ENTRY--TOPICAL TERM (OCLC, RLIN)
Topical term or geographic name as entry element politique
690 ## - LOCAL SUBJECT ADDED ENTRY--TOPICAL TERM (OCLC, RLIN)
Topical term or geographic name as entry element promiscuité
690 ## - LOCAL SUBJECT ADDED ENTRY--TOPICAL TERM (OCLC, RLIN)
Topical term or geographic name as entry element sociale
786 0# - DATA SOURCE ENTRY
Note Revue Quadrilingue en Psychologie Analytique | Hiver-Pritemps | 1 | 2026-01-09 | p. 57-75 | 2268-8870
856 41 - ELECTRONIC LOCATION AND ACCESS
Uniform Resource Identifier <a href="https://shs.cairn.info/revue-quadrilingue-en-psychologie-analytique-2026-1-page-57?lang=fr&redirect-ssocas=7080">https://shs.cairn.info/revue-quadrilingue-en-psychologie-analytique-2026-1-page-57?lang=fr&redirect-ssocas=7080</a>

Pas d'exemplaire disponible.

PLUDOC

PLUDOC est la plateforme unique et centralisée de gestion des bibliothèques physiques et numériques de Guinée administré par le CEDUST. Elle est la plus grande base de données de ressources documentaires pour les Étudiants, Enseignants chercheurs et Chercheurs de Guinée.

Adresse

627 919 101/664 919 101

25 boulevard du commerce
Kaloum, Conakry, Guinée

Réseaux sociaux

Powered by Netsen Group @ 2025